What is new is AACR-2 (1978 & 1988) : (Record no. 188562)
[ view plain ]
| 000 -LEADER | |
|---|---|
| fixed length control field | 00663cam4a220021700 4500 |
| 001 - CONTROL NUMBER | |
| control field | tmp15963573 |
| 003 - CONTROL NUMBER IDENTIFIER | |
| control field | UPRA |
| 005 - DATE AND TIME OF LATEST TRANSACTION | |
| control field | 20190830110812.0 |
| 008 - FIXED-LENGTH DATA ELEMENTS--GENERAL INFORMATION | |
| fixed length control field | 951116s1991 xx eng u |
| 035 ## - SYSTEM CONTROL NUMBER | |
| System control number | (Sirsi) r27358 |
| 035 ## - SYSTEM CONTROL NUMBER | |
| System control number | (UPRA)tmp15963573 |
| 040 ## - CATALOGING SOURCE | |
| Transcribing agency | UPRA |
| 100 1# - MAIN ENTRY--PERSONAL NAME | |
| Personal name | Dasgupta, A. |
| Linkage | A91430.1 |
| 245 10 - TITLE STATEMENT | |
| Title | What is new is AACR-2 (1978 & 1988) : |
| Remainder of title | with special reference to choice of access points and discription. |
| 260 ## - PUBLICATION, DISTRIBUTION, ETC. | |
| Date of publication, distribution, etc. | 1991. |
| 949 ## - LOCAL PROCESSING INFORMATION (OCLC) | |
| a | Z694 |
| w | lcc |
| i | -28635 |
| m | MAIN |
| t | BOOK |
| l | ON-SHELF |
| 949 ## - LOCAL PROCESSING INFORMATION (OCLC) | |
| a | Z694 |
| w | lcc |
| i | -28636 |
| m | MAIN |
| t | BOOK |
| l | ON-SHELF |
| 949 ## - LOCAL PROCESSING INFORMATION (OCLC) | |
| a | Z694 |
| w | lcc |
| i | -28637 |
| m | MAIN |
| t | BOOK |
| l | ON-SHELF |
| 987 ## - LOCAL ROMANIZATION/CONVERSION HISTORY (OCLC) | |
| Romanization/conversion identifier | 245 : typo? |
No items available.